000 00867nam a22001697a 4500
005 20260122160928.0
008 230713b ||||| |||| 00| 0 eng d
040 _cSSBUL
_dSSBUL
082 _223
_a၇၅၀ မျိုး ၁၅၉၈၈ (S-SAT)
100 _aမျိုးခင်၊
_g(ထန်းရိပ်ညို)။
_927888
245 _aကောင်းကင်သစ်အောက်က သူစိမ်းပန်းချီဆရာ /
_cမျိုးခင်(ထန်းရိပ်ညို)။
260 _aရန်ကုန်၊
_bချိုတေးသံစာပေ၊
_c၂၀၀၇။
300 _a၁၁၅ စာမျက်နှာ၊
_bဓာတ်ပုံများ၊
_c၁၉ စင်တီ။
500 _aS-SAT: Dr. Prof Sai Aung Tun
650 _aပန်းချီပညာ။
_927889
942 _2ddc
_cBK1
999 _c27131
_d27131